[Event "IECG WC.2005.P.00003 email"]
[Site "IECG email"]
[Date "2002.01.29"]
[Round "?"]
[White "Delalleau, Bruno"]
[Black "Chetvertakoff, Valery"]
[Result "1-0"]
[WhiteElo "1692"]
[BlackElo "2250"]
[PlyCount "57"]
[EventDate "2002.01.29"]
[EventType "tourn (corr)"]
[EventRounds "12"]
[SourceTitle "Corr 2008"]
[Source "ChessBase"]
[SourceDate "2008.06.24"]
[SourceVersion "1"]
[SourceVersionDate "2008.06.24"]
[SourceQuality "1"]

1. e4 Nf6 2. e5 Nd5 3. d4 d6 4. Nf3 Bg4 5. Be2 e6 6. 0-0 Be7 7. c4 Nb6 8. Nc3 0-0 9. Be3 d5 10. c5 Bxf3 11. gxf3 Nc8 12. f4 Bh4 13. Bd3 f5 14. exf6 Bxf6 15. Qg4 Qd7 16. f5 e5 17. Nxd5 Qxd5 18. Be4 Qd7 19. dxe5 Bxe5 20. Bxb7 c6 21. Bxa8 Qc7 22. Qc4+ Kh8 23. f4 Bf6 24. Rad1 Ne7 25. Qe6 Nd5 26. Bd4 Nxf4 27. Qe4 Nd5 28. Bxf6 Nxf6 29. Qe6 1-0

[Event "IECG WC.2005.P.00003 email"]
[Site "IECG email"]
[Date "2002.01.29"]
[Round "?"]
[White "Delalleau, Bruno"]
[Black "Jacobs, Bernd"]
[Result "1-0"]
[WhiteElo "1692"]
[BlackElo "1877"]
[PlyCount "89"]
[EventDate "2002.01.29"]
[EventType "tourn (corr)"]
[EventRounds "12"]
[SourceTitle "Corr 2008"]
[Source "ChessBase"]
[SourceDate "2008.06.24"]
[SourceVersion "1"]
[SourceVersionDate "2008.06.24"]
[SourceQuality "1"]

1. c4 Nf6 2. Nc3 c5 3. Nf3 e6 4. g3 Be7 5. Bg2 Nc6 6. 0-0 d5 7. cxd5 exd5 8. d4 0-0 9. dxc5 Bxc5 10. Bg5 Be6 11. Rc1 Bb6 12. b3 Re8 13. e3 h6 14. Bxf6 Qxf6 15. Nxd5 Bxd5 16. Qxd5 Rad8 17. Qc4 Qb2 18. Rc2 Qa3 19. Nd2 Re6 20. Qf4 Qe7 21. Bxc6 bxc6 22. Nc4 Bc7 23. Qg4 Rg6 24. Qe2 Rg5 25. Rd1 Rgd5 26. Rxd5 Rxd5 27. Kg2 Qe4+ 28. f3 Qe6 29. e4 Rd4 30. Rd2 c5 31. Ne3 Ba5 32. Rxd4 cxd4 33. Nd5 Bc3 34. Qc4 g6 35. Qc7 Qa6 36. Kg1 Bd2 37. Qb8+ Kh7 38. Qf8 Be3+ 39. Nxe3 dxe3 40. Qxf7+ Kh8 41. Qe8+ Kh7 42. Qd7+ Kg8 43. Qd8+ Kh7 44. Qc7+ Kh8 45. Qc2 1-0

[Event "IECG WC.2005.P.00003 email"]
[Site "IECG email"]
[Date "2002.01.29"]
[Round "?"]
[White "Delalleau, Bruno"]
[Black "Morales Pecino, Benito"]
[Result "1/2-1/2"]
[WhiteElo "1692"]
[BlackElo "1967"]
[PlyCount "56"]
[EventDate "2002.01.29"]
[EventType "tourn (corr)"]
[EventRounds "12"]
[SourceTitle "Corr 2008"]
[Source "ChessBase"]
[SourceDate "2008.06.24"]
[SourceVersion "1"]
[SourceVersionDate "2008.06.24"]
[SourceQuality "1"]

1. c4 Nf6 2. Nc3 e5 3. Nf3 Nc6 4. g3 d5 5. cxd5 Nxd5 6. Bg2 Nb6 7. 0-0 Be7 8. a3 g5 9. d3 g4 10. Nd2 h5 11. Nc4 h4 12. Be3 Nxc4 13. dxc4 Nd4 14. Bxd4 exd4 15. Nd5 Bf6 16. Nxf6+ Qxf6 17. Qd2 hxg3 18. fxg3 Qe5 19. Rad1 c5 20. e3 Qxe3+ 21. Qxe3+ dxe3 22. Rfe1 Be6 23. Rxe3 Ke7 24. b4 cxb4 25. axb4 a5 26. bxa5 Rxa5 27. Bxb7 Ra2 28. Bg2 Rc2 1/2-1/2

[Event "IECG WC.2005.P.00003 email"]
[Site "IECG email"]
[Date "2002.01.29"]
[Round "?"]
[White "Winiarski, Michael L"]
[Black "Delalleau, Bruno"]
[Result "1-0"]
[WhiteElo "2178"]
[BlackElo "1692"]
[PlyCount "63"]
[EventDate "2002.01.29"]
[EventType "tourn (corr)"]
[EventRounds "12"]
[SourceTitle "Corr 2008"]
[Source "ChessBase"]
[SourceDate "2008.06.24"]
[SourceVersion "1"]
[SourceVersionDate "2008.06.24"]
[SourceQuality "1"]

1. e4 e6 2. d4 d5 3. Nc3 Bb4 4. e5 Ne7 5. a3 Bxc3+ 6. bxc3 c5 7. Qg4 cxd4 8. Qxg7 Rg8 9. Qxh7 Qc7 10. Ne2 Nbc6 11. f4 Bd7 12. Qd3 dxc3 13. Nxc3 a6 14. Ne2 Rc8 15. Bd2 Nf5 16. h3 Nce7 17. g4 Bb5 18. Qc3 Bxe2 19. Qxc7 Rxc7 20. Bxe2 Ng3 21. Rg1 Nxe2 22. Kxe2 Rh8 23. Rh1 Rxc2 24. h4 Ng6 25. h5 Nxf4+ 26. Ke3 Ng2+ 27. Kd3 Rc4 28. Rac1 b5 29. Rxc4 bxc4+ 30. Kd4 Rg8 31. g5 Kd7 32. Rh2 1-0

[Event "IECG WC.2003.S.00008 email"]
[Site "IECG email"]
[Date "2001.04.01"]
[Round "?"]
[White "Crutchley, Dale"]
[Black "Delalleau, Bruno"]
[Result "1/2-1/2"]
[WhiteElo "2012"]
[BlackElo "1457"]
[PlyCount "51"]
[EventDate "2001.04.01"]
[EventType "tourn (corr)"]
[EventRounds "8"]
[SourceTitle "Corr 2008"]
[Source "ChessBase"]
[SourceDate "2008.06.24"]
[SourceVersion "1"]
[SourceVersionDate "2008.06.24"]
[SourceQuality "1"]

1. e4 e6 2. d3 d5 3. Nd2 c5 4. Ngf3 Nc6 5. g3 g6 6. Bg2 Bg7 7. 0-0 Nge7 8. Re1 b6 9. exd5 Nxd5 10. d4 cxd4 11. Nb3 0-0 12. Nbxd4 Nxd4 13. Nxd4 Qc7 14. Bf4 Nxf4 15. Bxa8 Ba6 16. Be4 Nh3+ 17. Kg2 Ng5 18. f3 Rd8 19. c3 Nxe4 20. Rxe4 Bb7 21. Qa4 Bxe4 22. fxe4 Qc5 23. Rd1 b5 24. Qa5 Qb6 25. Qxb6 axb6 26. Rd2 1/2-1/2

[Event "IECG WC.2003.S.00008 email"]
[Site "IECG email"]
[Date "2001.04.01"]
[Round "?"]
[White "Delalleau, Bruno"]
[Black "Rusak, Alexandr Victorovic"]
[Result "1/2-1/2"]
[WhiteElo "1457"]
[BlackElo "2048"]
[PlyCount "112"]
[EventDate "2001.04.01"]
[EventType "tourn (corr)"]
[EventRounds "8"]
[SourceTitle "Corr 2008"]
[Source "ChessBase"]
[SourceDate "2008.06.24"]
[SourceVersion "1"]
[SourceVersionDate "2008.06.24"]
[SourceQuality "1"]

1. c4 Nf6 2. Nf3 c5 3. Nc3 d5 4. cxd5 Nxd5 5. g3 Nc6 6. Bg2 Nc7 7. 0-0 e5 8. a3 Rb8 9. d3 Be7 10. Rb1 Bd7 11. b3 0-0 12. Bb2 f5 13. e3 Be6 14. Ne2 Bd6 15. Qc2 Nd5 16. Nc3 Nxc3 17. Qxc3 Rc8 18. Nd2 Nd4 19. Rfe1 b5 20. Qc1 Nxb3 21. Nxb3 Bxb3 22. Bxe5 Ba4 23. Bd5+ Kh8 24. Qc3 Qe7 25. Bxd6 Qxd6 26. Bg2 Rc7 27. Rbc1 Rfc8 28. e4 fxe4 29. dxe4 b4 30. Qc4 a5 31. e5 Qd4 32. Bd5 Qxc4 33. Bxc4 g5 34. Re3 Re7 35. f4 gxf4 36. gxf4 Rf8 37. Rg3 h5 38. Rf1 Bd7 39. Rf2 Be6 40. Bxe6 Rxe6 41. Rg5 Rg8 42. Rxg8+ Kxg8 43. Rc2 Rc6 44. axb4 axb4 45. Rb2 Rb6 46. Kf2 c4 47. Ke3 Kf7 48. Rb1 c3 49. Kd3 Ke6 50. Kc2 h4 51. h3 Kf5 52. Re1 Rb7 53. Rf1 Rd7 54. Rf2 Rd8 55. Kb3 Rc8 56. Rc2 Rb8 1/2-1/2

[Event "IECG WC.2003.S.00008 email"]
[Site "IECG email"]
[Date "2001.04.01"]
[Round "?"]
[White "Karabalis, Harilos"]
[Black "Delalleau, Bruno"]
[Result "1-0"]
[WhiteElo "2143"]
[BlackElo "1457"]
[PlyCount "70"]
[EventDate "2001.04.01"]
[EventType "tourn (corr)"]
[EventRounds "8"]
[SourceTitle "Corr 2008"]
[Source "ChessBase"]
[SourceDate "2008.06.24"]
[SourceVersion "1"]
[SourceVersionDate "2008.06.24"]
[SourceQuality "1"]

1. e4 e6 2. d4 d5 3. Nd2 c5 4. exd5 exd5 5. Ngf3 Nc6 6. Bb5 Bd6 7. dxc5 Bxc5 8. 0-0 Nge7 9. Nb3 Bd6 10. Re1 0-0 11. Bg5 Bg4 12. Bh4 Re8 13. Bg3 Bxg3 14. hxg3 Qb6 15. a4 h6 16. Qd2 Bxf3 17. gxf3 Rad8 18. f4 a6 19. Bf1 Nf5 20. a5 Qa7 21. Qd3 Nfd4 22. Nxd4 Rxe1 23. Rxe1 Qxd4 24. Qxd4 Nxd4 25. Re7 Nxc2 26. Rxb7 d4 27. Bd3 Ne1 28. Bxa6 d3 29. b4 d2 30. Be2 d1Q 31. Bxd1 Rxd1 32. a6 Nd3+ 33. Kg2 Rd2 34. a7 Rxf2+ 35. Kg1 Ra2 1-0

[Event "IECG WC.2003.S.00008 email"]
[Site "IECG email"]
[Date "2001.04.01"]
[Round "?"]
[White "Raidna, Raivo I"]
[Black "Delalleau, Bruno"]
[Result "1-0"]
[WhiteElo "2225"]
[BlackElo "1457"]
[PlyCount "73"]
[EventDate "2001.04.01"]
[EventType "tourn (corr)"]
[EventRounds "8"]
[SourceTitle "Corr 2008"]
[Source "ChessBase"]
[SourceDate "2008.06.24"]
[SourceVersion "1"]
[SourceVersionDate "2008.06.24"]
[SourceQuality "1"]

1. e4 e5 2. Nf3 Nc6 3. Bb5 a6 4. Ba4 Nf6 5. 0-0 Be7 6. Re1 b5 7. Bb3 0-0 8. c3 d5 9. exd5 Nxd5 10. Nxe5 Nxe5 11. Rxe5 c6 12. d3 Bd6 13. Re1 Bf5 14. Qf3 Re8 15. Rxe8+ Qxe8 16. Nd2 Qd7 17. h3 Re8 18. Ne4 Bxe4 19. dxe4 Qe6 20. Be3 Qxe4 21. Qxe4 Rxe4 22. Rd1 Kf8 23. Bxd5 cxd5 24. Rxd5 Ke7 25. Rd4 Rxd4 26. Bxd4 g6 27. b3 Ke6 28. c4 b4 29. Kf1 f5 30. Ke2 h5 31. g3 g5 32. Kd3 Bc7 33. Be3 Bd8 34. Kd4 Be7 35. c5 g4 36. hxg4 fxg4 37. Kc4 1-0

[Event "IECG FI.2000.0.00006 (Class 3)"]
[Site "IECG email"]
[Date "2000.04.01"]
[Round "?"]
[White "De Donatis, Daniele"]
[Black "Delalleau, Bruno"]
[Result "0-1"]
[WhiteElo "1302"]
[BlackElo "1203"]
[PlyCount "60"]
[EventDate "2000.04.01"]
[EventType "tourn (corr)"]
[EventRounds "8"]
[SourceTitle "Corr 2008"]
[Source "ChessBase"]
[SourceDate "2008.06.24"]
[SourceVersion "1"]
[SourceVersionDate "2008.06.24"]
[SourceQuality "1"]

1. e4 e6 2. d4 d5 3. exd5 exd5 4. Nf3 Bg4 5. h3 Bh5 6. Be2 Bd6 7. 0-0 Ne7 8. Re1 0-0 9. Nbd2 Re8 10. c3 Nd7 11. Qb3 Nb6 12. a4 a5 13. Nf1 Nc6 14. Ng3 Bxf3 15. gxf3 Qh4 16. Kg2 Re6 17. Bd2 Rae8 18. Bf1 Bf4 19. Bxf4 Qxf4 20. Re2 Rxe2 21. Bxe2 Re6 22. Qc2 Ne7 23. Bd3 Qh4 24. b4 Nc4 25. Bxc4 dxc4 26. bxa5 Nd5 27. Rh1 Nf4+ 28. Kf1 Nd3 29. Kg2 Qh6 30. Qb1 Qd2 0-1

[Event "IECG FI.2000.0.00006 (Class 3)"]
[Site "IECG email"]
[Date "2000.04.01"]
[Round "?"]
[White "Delalleau, Bruno"]
[Black "Itter, Erik"]
[Result "1-0"]
[WhiteElo "1203"]
[BlackElo "1489"]
[PlyCount "37"]
[EventDate "2000.04.01"]
[EventType "tourn (corr)"]
[EventRounds "8"]
[SourceTitle "Corr 2008"]
[Source "ChessBase"]
[SourceDate "2008.06.24"]
[SourceVersion "1"]
[SourceVersionDate "2008.06.24"]
[SourceQuality "1"]

1. d4 Nf6 2. c4 e6 3. Nf3 b6 4. g3 Ba6 5. b3 Bb4+ 6. Bd2 Be7 7. Bg2 c6 8. Bc3 d5 9. Ne5 Nbd7 10. Nxd7 Nxd7 11. Nd2 0-0 12. 0-0 Nf6 13. e4 b5 14. Re1 dxe4 15. Qc2 Rc8 16. Rad1 Nd5 17. Bxe4 Nxc3 18. Qxc3 Bf6 19. Qc2 1-0

[Event "IECG FI.2000.0.00006 (Class 3)"]
[Site "IECG email"]
[Date "2000.04.01"]
[Round "?"]
[White "Delalleau, Bruno"]
[Black "Roldan Ortiz, Antonio Jose"]
[Result "1-0"]
[WhiteElo "1203"]
[BlackElo "1371"]
[PlyCount "69"]
[EventDate "2000.04.01"]
[EventType "tourn (corr)"]
[EventRounds "8"]
[SourceTitle "Corr 2008"]
[Source "ChessBase"]
[SourceDate "2008.06.24"]
[SourceVersion "1"]
[SourceVersionDate "2008.06.24"]
[SourceQuality "1"]

1. c4 f5 2. Nf3 Nf6 3. g3 g6 4. Bg2 Bg7 5. d4 d6 6. 0-0 0-0 7. Nc3 Nc6 8. d5 Ne5 9. Qb3 Ned7 10. Be3 Re8 11. Rad1 Nf8 12. c5 h6 13. h3 Kh7 14. Qc2 a6 15. Qc1 N8d7 16. b4 Ne5 17. Nxe5 dxe5 18. Qc2 Rf8 19. a4 a5 20. b5 Nh5 21. Bc1 f4 22. g4 Nf6 23. Bb2 h5 24. gxh5 Nxh5 25. Ne4 Bf6 26. c6 b6 27. Qc3 Ra7 28. Nxf6+ exf6 29. d6 cxd6 30. Ba3 Rh8 31. Rxd6 Qc7 32. Rfd1 Kh6 33. Qd3 Qg7 34. Rd8 Bf5 35. Rxh8+ 1-0

[Event "IECG WC.2003.P.00012 email"]
[Site "IECG email"]
[Date "2000.??.??"]
[Round "?"]
[White "De Sa Nobrega, Aurelio Agostinhio"]
[Black "Delalleau, Bruno"]
[Result "1-0"]
[WhiteElo "1800"]
[BlackElo "1203"]
[PlyCount "87"]
[EventDate "2000.01.26"]
[EventType "tourn (corr)"]
[EventRounds "10"]
[SourceTitle "Corr 2008"]
[Source "ChessBase"]
[SourceDate "2008.06.24"]
[SourceVersion "1"]
[SourceVersionDate "2008.06.24"]
[SourceQuality "1"]

1. Nf3 c5 2. c4 Nf6 3. g3 b6 4. Bg2 Bb7 5. 0-0 g6 6. Nc3 Bg7 7. d4 cxd4 8. Qxd4 Nc6 9. Qf4 Rc8 10. Rd1 0-0 11. Bd2 Re8 12. e4 d6 13. Qh4 Nd7 14. Rac1 Nc5 15. Bh6 Bf6 16. Bg5 Bg7 17. Rd2 Na5 18. Nd5 f6 19. Bh3 fxg5 20. Nxg5 h6 21. Be6+ Nxe6 22. Nxe6 Qd7 23. Qg4 g5 24. Qf5 Bxd5 25. exd5 Rf8 26. Qg6 Rf7 27. h4 Rxc4 28. Rdc2 Qb5 29. hxg5 hxg5 30. Nxg5 Qxd5 31. Rxc4 Nxc4 32. Nxf7 Qxf7 33. Qxf7+ Kxf7 34. Rxc4 Bxb2 35. Kg2 d5 36. Rc7 a5 37. f4 Ba3 38. Kf3 Bc5 39. f5 Kf6 40. g4 Bd6 41. Rc6 b5 42. Rb6 b4 43. Ra6 Ke5 44. Rxa5 1-0

[Event "IECG WC.2003.P.00012 email"]
[Site "IECG email"]
[Date "2000.??.??"]
[Round "?"]
[White "Perez, Maria Jose"]
[Black "Delalleau, Bruno"]
[Result "1/2-1/2"]
[WhiteElo "1599"]
[BlackElo "1203"]
[PlyCount "137"]
[EventDate "2000.01.26"]
[EventType "tourn (corr)"]
[EventRounds "10"]
[SourceTitle "Corr 2008"]
[Source "ChessBase"]
[SourceDate "2008.06.24"]
[SourceVersion "1"]
[SourceVersionDate "2008.06.24"]
[SourceQuality "1"]

1. e4 e6 2. d4 d5 3. Nd2 c5 4. exd5 exd5 5. Ngf3 Nf6 6. Bb5+ Bd7 7. Bxd7+ Nbxd7 8. 0-0 Be7 9. dxc5 Nxc5 10. Nb3 Nce4 11. Nfd4 Qd7 12. Qf3 0-0 13. Nf5 Rfe8 14. Nbd4 Bc5 15. Bf4 g6 16. Nh6+ Kg7 17. Be3 Re5 18. h3 Rh5 19. Ng4 Nxg4 20. hxg4 Re5 21. Qf4 Rae8 22. Qh6+ Kg8 23. Nf3 Bxe3 24. Nxe5 Bxh6 25. Nxd7 Re7 26. f3 Rxd7 27. fxe4 dxe4 28. Rad1 Bd2 29. Kf2 e3+ 30. Ke2 Rd4 31. Kf3 Kg7 32. g3 h6 33. Rh1 Rd6 34. Rh2 b5 35. Rdh1 g5 36. c3 a5 37. Ke2 a4 38. Rd1 Rc6 39. a3 Rc4 40. Rdh1 Rc6 41. Rf1 Rc4 42. Rf5 Rxg4 43. Kf3 Rc4 44. Rxb5 Rc6 45. Ke2 Kg6 46. g4 Ra6 47. Rh3 f6 48. Rh1 Rc6 49. Rf1 h5 50. gxh5+ Kxh5 51. Rf4 Ra6 52. Rd4 Ra7 53. Rc4 Bc1 54. Rbb4 f5 55. Rd4 f4 56. Rd1 Bd2 57. Rg1 Ra5 58. Re4 Kh6 59. Kf3 Kh7 60. Rh1+ Kg7 61. Kg4 Rb5 62. Rxa4 Rxb2 63. Rh5 Rb5 64. c4 Re5 65. Ra7+ Kg8 66. Rhh7 e2 67. Rag7+ Kf8 68. Rd7 Kg8 69. Rdg7+ 1/2-1/2

[Event "IECC KO email"]
[Site "IECC email"]
[Date "1999.12.08"]
[Round "?"]
[White "Pascute, Bruce"]
[Black "Delalleau, Bruno"]
[Result "0-1"]
[WhiteElo "1314"]
[BlackElo "1534"]
[PlyCount "56"]
[EventDate "1999.??.??"]
[EventType "tourn (corr)"]
[EventRounds "6"]
[SourceTitle "Corr 2008"]
[Source "ChessBase"]
[SourceDate "2008.06.24"]
[SourceVersion "1"]
[SourceVersionDate "2008.06.24"]
[SourceQuality "1"]

1. e4 e6 2. d4 d5 3. e5 c5 4. c3 Nc6 5. Nf3 Qb6 6. a3 c4 7. Nbd2 Na5 8. Rb1 Bd7 9. b4 cxb3 10. Nxb3 Ba4 11. Nfd2 Rc8 12. Qc2 Qc7 13. Qb2 Nxb3 14. Nxb3 Qxc3+ 15. Qxc3 Rxc3 16. Nd2 Ne7 17. Bb2 Rc6 18. Bd3 Ng6 19. Bxg6 hxg6 20. 0-0 Be7 21. Nf3 0-0 22. Ra1 Rc2 23. Rab1 Rfc8 24. Ne1 R2c6 25. f3 Rb6 26. Nd3 Bb5 27. Rfd1 Bxd3 28. Rxd3 Rc2 0-1

[Event "IECC Trio 673 email"]
[Site "IECC email"]
[Date "1999.01.15"]
[Round "?"]
[White "Delalleau, Bruno"]
[Black "Arnold, Lee"]
[Result "1-0"]
[WhiteElo "1483"]
[BlackElo "1245"]
[PlyCount "57"]
[EventDate "1999.??.??"]
[EventType "tourn (corr)"]
[EventRounds "4"]
[SourceTitle "Corr 2008"]
[Source "ChessBase"]
[SourceDate "2008.06.24"]
[SourceVersion "1"]
[SourceVersionDate "2008.06.24"]
[SourceQuality "1"]

1. e4 e6 2. d4 d5 3. Nd2 dxe4 4. Nxe4 Nd7 5. Nf3 Be7 6. Bd3 Ngf6 7. Qe2 c5 8. Nxc5 Bxc5 9. dxc5 Nxc5 10. Bc4 Qc7 11. 0-0 a6 12. Bg5 0-0 13. Bxf6 gxf6 14. b4 Na4 15. Qe4 f5 16. Qh4 Kg7 17. Qg5+ Kh8 18. Qf6+ Kg8 19. Ng5 Re8 20. Rae1 Qe7 21. Qh6 f6 22. Rxe6 Bxe6 23. Bxe6+ Kh8 24. Nf7+ Kg8 25. Bb3 Qxf7 26. Bxf7+ Kxf7 27. Qxh7+ Kf8 28. Qxf5 Ke7 29. Re1+ 1-0

[Event "IECG QN.1998.0.00037"]
[Site "IECG email"]
[Date "1998.12.16"]
[Round "?"]
[White "Delalleau, Bruno"]
[Black "Stepanov, Sergey Viktorovich"]
[Result "1/2-1/2"]
[WhiteElo "800"]
[BlackElo "800"]
[PlyCount "51"]
[EventDate "1998.12.16"]
[EventType "tourn (corr)"]
[EventRounds "6"]
[SourceTitle "Corr 2008"]
[Source "ChessBase"]
[SourceDate "2008.06.24"]
[SourceVersion "1"]
[SourceVersionDate "2008.06.24"]
[SourceQuality "1"]

1. c4 e5 2. Nc3 Nf6 3. g3 d5 4. cxd5 Nxd5 5. Bg2 Be6 6. Nf3 Nc6 7. 0-0 Nb6 8. d3 Be7 9. a3 0-0 10. b4 a6 11. Bb2 f5 12. Rc1 Qd7 13. Nb1 Bf6 14. Qc2 Bd5 15. e4 Be6 16. Nbd2 Rad8 17. Nb3 Na4 18. Nc5 Nxc5 19. Qxc5 Be7 20. Qc3 Rfe8 21. Rfe1 Bf6 22. Qc5 Be7 23. Qc2 Bf6 24. Qc5 Be7 25. Qc2 Bf6 26. Qc5 1/2-1/2

[Event "IECC Trio 646 email"]
[Site "IECC email"]
[Date "1998.11.15"]
[Round "?"]
[White "Delalleau, Bruno"]
[Black "Avant, Thomas"]
[Result "1-0"]
[WhiteElo "1462"]
[BlackElo "1565"]
[PlyCount "109"]
[EventDate "1998.??.??"]
[EventType "tourn (corr)"]
[EventRounds "4"]
[SourceTitle "Corr 2008"]
[Source "ChessBase"]
[SourceDate "2008.06.24"]
[SourceVersion "1"]
[SourceVersionDate "2008.06.24"]
[SourceQuality "1"]

1. c4 e5 2. Nc3 Nf6 3. g3 c6 4. Nf3 e4 5. Nd4 d5 6. cxd5 cxd5 7. Bg2 Qb6 8. Nc2 Nc6 9. 0-0 Be6 10. d3 Rd8 11. dxe4 dxe4 12. Bd2 Be7 13. Qc1 0-0 14. Be3 Qa6 15. Nxe4 Qxe2 16. Nc5 Bd5 17. f3 Bxc5 18. Bxc5 Rfe8 19. Re1 Qb5 20. Rxe8+ Rxe8 21. Ne3 b6 22. Nxd5 Nxd5 23. Bf2 Ne5 24. Qd2 Nc4 25. Bf1 Qxb2 26. Qxb2 Nxb2 27. Bd4 Na4 28. Bb5 Rc8 29. Bxa4 Rc4 30. Rd1 Rxa4 31. Bc3 Rxa2 32. Rxd5 f6 33. Rd8+ Kf7 34. Rd7+ Kg8 35. Bd4 Kf8 36. g4 Ra4 37. Bf2 Ra3 38. Kg2 Ra4 39. h4 Ra2 40. Kg3 Ra4 41. Rb7 h6 42. Be3 Kg8 43. Bf4 Ra2 44. Bb8 a5 45. Rxb6 a4 46. Ra6 Kh7 47. Ra7 Kg8 48. Kf4 h5 49. Kf5 Rb2 50. Bf4 Kh7 51. gxh5 Rb5+ 52. Kg4 Kg8 53. h6 gxh6 54. Bxh6 Rb1 55. Kf5 1-0

[Event "IECC Trio 646 email"]
[Site "IECC email"]
[Date "1998.11.15"]
[Round "?"]
[White "Delalleau, Bruno"]
[Black "Wylie, Richard"]
[Result "1-0"]
[WhiteElo "1425"]
[BlackElo "1257"]
[PlyCount "31"]
[EventDate "1998.??.??"]
[EventType "tourn (corr)"]
[EventRounds "4"]
[SourceTitle "Corr 2008"]
[Source "ChessBase"]
[SourceDate "2008.06.24"]
[SourceVersion "1"]
[SourceVersionDate "2008.06.24"]
[SourceQuality "1"]

1. e4 Nc6 2. Nf3 d5 3. exd5 Qxd5 4. Nc3 Qa5 5. Bb5 Bd7 6. 0-0 0-0-0 7. d4 Be6 8. Bxc6 bxc6 9. Ne5 Qb6 10. Be3 Qxb2 11. Qd3 f6 12. Rfb1 Qa3 13. Nxc6 Rd6 14. Rb8+ Kd7 15. Rd8+ Kxc6 16. Qb5# 1-0